000 00674nam a2200265Ia 4500
005 20260306163615.0
008 008 260114s9999 xx 000 0 eng d
020 _a9781789623857
037 _aEBOOK
040 _aCRL
040 _beng
040 _cCRL
041 _2eng
041 _aeng
084 _qCRL
100 _aEnjuto-rangel, Faber, GarcĂ­a-caro, Newcomb
_91128986
245 0 _aTransatlantic Studies: Latin America, Iberia, And Africa
260 _bLiverpool University Press
260 _c2020
650 _aSocial Work
856 _uhttps://academic.oup.com/book/33862
942 _cEBOOK
999 _c1710774
_d1710774